• 首页
  • 本馆介绍
  • 公告通知
  • 最新文献
  • 馆藏检索
  • 电子资源
  • 读者导购
  • 参考咨询
  • 我的图书馆
  • 登录
  • 详细信息显示
  • 放入我的书架
  • 预约/预借图书
  • 作者相关作品
  • 分类相关作品
  • 丛书相关作品
  • 出版社相关作品

书目信息

  • 表格格式
  • 工作单格式
  • 卡片格式
题名:
网红经济3.0
    
 
作者: 李世化 著
分册:  
出版信息: 北京   中国商业出版社  2017
页数: 252页
开本: 24cm
丛书名:
单 册:
中图分类: F713.365.2
科图分类:
主题词: 网络营销--研究
电子资源:
ISBN: 978-7-5044-9828-1
000 00884nam0 2200241 450
001 012001001581
005 20140921103355.0
010    @a978-7-5044-9828-1@dCNY45.00
100    @a20170905d2017 em y0chiy50 ea
101 0  @achi
102    @aCN@b110000
105    @ay z 000yy
106    @ar
200 1  @a网红经济3.0@9wang hong jing ji 3.0@f李世化著
210    @a北京@c中国商业出版社@d2017
215    @a252页@d24cm
314    @a李世化,男,陕西榆林人,毕业于陕西科技大学,资深文化出版创意人。代表作《管理越简单越好》等。
330    @a本书对“网红”这个新商业模式进行了详细系统的阐述,告诉读者如何成为网红、如何做网红电商、如何运用“网红思维”做社交电商、如何打造超级IP、如何打造多元化的网红盈利渠道等。
606 0  @a网络营销@x研究
690    @aF713.365.2@v5
701  0 @a李世化@9li shi hua@4著
801  0 @aCN@b上海新华@c20180901
905    @b1156655-9@dF713.365.2@e1044@f5
    
    网红经济3.0/李世化著.-北京:中国商业出版社,2017
    252页;24cm
    
    
    ISBN 978-7-5044-9828-1:CNY45.00
    本书对“网红”这个新商业模式进行了详细系统的阐述,告诉读者如何成为网红、如何做网红电商、如何运用“网红思维”做社交电商、如何打造超级IP、如何打造多元化的网红盈利渠道等。
●
相关链接 在E读中查询图书 在五车中查询图书 在当当中查询图书 在豆瓣中查询图书


正题名:网红经济3.0     索取号:F713.365.2/1044         预约/预借

序号 登录号 条形码 馆藏地/架位号 状态 备注
1 1156655   211566553   第一样本阅览室/ [索取号:F713.365.2/1044] 在馆    
2 1156656   211566562   第一借阅区/ [索取号:F713.365.2/1044] 在馆    
3 1156657   211566571   第一借阅区/ [索取号:F713.365.2/1044] 在馆    
4 1156658   211566580   经管系资料室/ [索取号:F713.365.2/1044] 在馆    
5 1156659   211566599   第一借阅区/ [索取号:F713.365.2/1044] 在馆    
唐山师范学院图书馆 欢迎您!
大连网信软件有限公司© 版权所有